| 000 | 00415pab a2200157 454500 | ||
|---|---|---|---|
| 008 | 180718b1985 xxu||||| |||| 00| 0 eng d | ||
| 100 | _aCunningham, Robert B. | ||
| 245 |
_aEvaluating task leadership _bA problem for assessment centers |
||
| 260 | _c1985 | ||
| 300 | _a293-9 | ||
| 362 | _aFall | ||
| 650 | _aLeadership | ||
| 700 | _aDorothy F. Olshiski | ||
| 773 | _aPublic Personnel Management | ||
| 909 | _a12365 | ||
| 999 |
_c12365 _d12365 |
||